| 000 | 00752cam a2200169 a 4500 | ||
|---|---|---|---|
| 999 |
_c2512 _d2512 |
||
| 020 | _a0130862193 (pbk.)\ | ||
| 020 | _a9780130862198 | ||
| 050 | 0 | 0 |
_aBJ1012 _b.H58 |
| 100 | 1 | _aHinman, Lawrence M. | |
| 245 | 1 | 0 |
_aContemporary moral issues : _bdiversity and consensus / _cLawrence M. Hinman. |
| 250 | _a2nd ed. | ||
| 260 |
_aUpper Saddle River, N.J. : _bPrentice Hall, _cc2000. |
||
| 300 |
_axv, 619 p. : _bill. ; _c24 cm. |
||
| 505 | _aAbortion -- Cloning and reproductive technologies -- Euthanasia -- Punishment and the death penalty -- Race and ethnicity -- Gender -- Sexual orientation -- Poverty and welfare -- World hunger and poverty -- Living together with animals -- Environmental ethics. | ||
| 650 | 0 | _aEthical problems | |
| 942 | _cBK | ||